书目信息 |
| 题名: |
鱼图案
|
|
| 作者: | 孔宪林 绘 | |
| 分册: | ||
| 出版信息: | 济南 山东美术出版社 1985 |
|
| 页数: | 111页 | |
| 开本: | 19cm | |
| 丛书名: | ||
| 单 册: | ||
| 中图分类: | J522.2 , J51 | |
| 科图分类: | ||
| 主题词: | 鱼类-图案--中国--现代 , 图案-鱼类--中国--现代 , 图案学 | |
| 电子资源: | ||
| ISBN: | ||
| 000 | 00657nam0 2200265 45 | |
| 001 | 1556393603 | |
| 005 | 20150131154056.35 | |
| 010 | @dCNY1.32 | |
| 091 | @aCN@b833.2486 | |
| 100 | @a19900918d1985 em y0chiy0121 ea | |
| 101 | 0 | @achi |
| 102 | @aCN@b370000 | |
| 105 | @aa z 000yy | |
| 200 | 10 | @a鱼图案@Ayu tu an@f孔宪林绘 |
| 210 | @a济南@c山东美术出版社@d1985 | |
| 215 | @a111页@d19cm | |
| 606 | @a鱼类-图案@y中国@z现代 | |
| 606 | @a图案-鱼类@y中国@z现代 | |
| 606 | 0 | @a图案学 |
| 690 | @aJ522.2@v3 | |
| 690 | @aJ51@v4 | |
| 701 | 0 | @a孔宪林@Akong xian lin@4绘 |
| 801 | 0 | @aCN@bTSSF@c20150131 |
| 801 | 2 | @aCN@bNLC |
| 905 | @aZUCC@dJ51@eJY27 | |
| 鱼图案/孔宪林绘.-济南:山东美术出版社,1985 |
| 111页;19cm |
| ISBN :CNY1.32 |
| ● |
| 相关链接 |
|
|
|
|
正题名:鱼图案
索取号:J51/JY27
 
预约/预借
| 序号 | 登录号 | 条形码 | 馆藏地/架位号 | 状态 | 备注 |
| 1 | 7861685 | 278616856 | 学院路分馆/ [索取号:J51/JY27] | 在馆 | |
| 2 | 7861686 | 278616865 | 学院路分馆/ [索取号:J51/JY27] | 在馆 |